书目信息 |
| 题名: |
中国汉语水平考试大纲:基础
|
|
| 作者: | 北京语言文化大学汉语水平考试中心 编制 | |
| 分册: | ||
| 出版信息: | 北京 现代出版社 1998.02 |
|
| 页数: | 240页 | |
| 开本: | 32开 | |
| 丛书名: | ||
| 单 册: | ||
| 中图分类: | ||
| 科图分类: | ||
| 主题词: | 汉语--语言教学 | |
| 电子资源: | ||
| ISBN: | 7-80028-314-3 | |
| 000 | 00704nam0 2200205 45 | |
| 001 | 9911181741 | |
| 005 | 19991118172944.9 | |
| 010 | @a7-80028-314-3@d18.00元 | |
| 100 | @a19991118d1998 km y0chiy0120 ea | |
| 101 | @achi | |
| 105 | @a z 000yy | |
| 200 | 1 | @a中国汉语水平考试大纲:基础@AZhong Guo Han Yu Shui Ping Kao Shi Da Gang:Ji Chu@f北京语言文化大学汉语水平考试中心编制@FBei Jing Yu Yan Wen Hua Da Xue Han Yu Shui Ping Kao Shi Zhong Xin Bian Zhi |
| 210 | @a北京@c现代出版社@d1998.02 | |
| 215 | @a240页@d32开 | |
| 606 | 0 | @a汉语@x语言教学 |
| 690 | @v3 | |
| 690 | @aH195.2 | |
| 701 | @a北京语言文化大学汉语水平考试中心@4编制 | |
| 801 | @aCN@bPFTUser@c19991118 | |
| 905 | @f1@b44407@dH195.2@eB:915 | |
| 中国汉语水平考试大纲:基础/北京语言文化大学汉语水平考试中心编制.-北京:现代出版社,1998.02 |
| 240页;32开 |
| ISBN 7-80028-314-3:18.00元 |
| ● |
| 相关链接 |
|
|
|
正题名:中国汉语水平考试大纲:基础
索取号:H195.2/B:915
 
预约/预借
| 序号 | 登录号 | 条形码 | 馆藏地/架位号 | 状态 | 备注 |
| 1 | 44407 | 200444073 | 语言库209/209语言库 78排3列3层/ [索取号:H195.2/B:915] | 在馆 |